00676nam a2200241 a 4500001001300000003000900013005001700022008004100039020000900080082001500089100001900104245004900123260002500172300000800197500003500205505001000240650002100250700001900271902000800290942000700298952011400305999001500419nice12345678IN_TiNIC20260116012316.0050524s1984 dela grp 000 0 eng  ac1500a181.4bGAN aGangadhar, D A aMahatma Gandhi`s Philosophy of Brahmacharya. aDelhi bISPCK c1984 a71p aincludes index and biblioraphy2 aIndex aPhilosophy-Hindu1 aGangadhar, D A bSRS cBK 001040708StackRoom-aHMIbHMId2008-05-07g15.00l0o181.4 GANp012306r2008-05-07v15.00w2005-05-24yBK c6489d6489